000 00621nam a2200193Ia 4500
005 20260120124539.0
008 008 260114s9999 xx 000 0 eng d
020 _a9781781907528
037 _aEBOOK
040 _aCRL
_beng
_cCRL
041 _aeng
_2eng
084 _qCRL
245 0 _aVAR Models in Macroeconomics ? New Developments and Applications: Essays in Honor of Christopher A. Sims
260 _bEmerald Publishing
_c2013
700 _aThomas B. Fomby
_9907633
856 _uhttps://www.emerald.com/insight/publication/doi/10.1108/S0731-9053(2013)32
942 _cEBOOK
999 _c1499510
_d1499510